[Event "Panchenko Memorial-A 2021"]
[Site "Chelyabinsk"]
[Date "2021.09.19"]
[Round "8.6"]
[White "Gutenev, Alexander"]
[Black "Petrov, Nikita"]
[Result "1/2-1/2"]
[WhiteElo "2430"]
[BlackElo "2555"]
[Annotator "ChessBase"]
[PlyCount "21"]
[EventDate "2021.09.13"]
[EventType "swiss"]
[EventCountry "RUS"]
[SourceTitle "playchess.com"]
[Source "ChessBase"]
[SourceQuality "1"]
[TimeControl "5400+30"]

1. e4 {[%emt 0:02:17]} c5 {[%emt 0:00:15]} 2. Nf3 {[%emt 0:00:06]} e6 {[%emt 0:00:40]} 3. d4 {[%emt 0:00:04]} cxd4 {[%emt 0:00:05]} 4. Nxd4 {[%emt 0:00:05]} Nc6 {[%emt 0:00:25]} 5. Nc3 {[%emt 0:00:13]} Qc7 {[%emt 0:00:18]} 6. Be2 {[%emt 0:00:38]} Nf6 {[%emt 0:00:57]} 7. O-O {[%emt 0:00:28]} Be7 {[%emt 0:00:32]} 8. Be3 {[%emt 0:00:25]} O-O {[%emt 0:00:46]} 9. f4 {[%emt 0:00:11]} d6 {[%emt 0:00:16]} 10. Kh1 {[%emt 0:00:16]} Nxd4 {[%emt 0:04:48]} 11. Bxd4 {[%emt 0:02:42]} 1/2-1/2

[Event "Panchenko Memorial-A 2021"]
[Site "Chelyabinsk"]
[Date "2021.09.19"]
[Round "8.7"]
[White "Sivuk, Vitaly"]
[Black "Levin, Evgeny A."]
[Result "1/2-1/2"]
[WhiteElo "2552"]
[BlackElo "2485"]
[Annotator "ChessBase"]
[PlyCount "50"]
[EventDate "2021.09.13"]
[EventType "swiss"]
[EventCountry "RUS"]
[SourceTitle "playchess.com"]
[Source "ChessBase"]
[SourceQuality "1"]
[TimeControl "5400+30"]

1. d4 {[%emt 0:04:07]} Nf6 {[%emt 0:00:59]} 2. c4 {[%emt 0:00:11]} e6 {[%emt 0:00:04]} 3. Nc3 {[%emt 0:00:11]} Bb4 {[%emt 0:00:05]} 4. Qc2 {[%emt 0:00:11]} d5 {[%emt 0:00:59]} 5. a3 {[%emt 0:00:15]} Bxc3+ {[%emt 0:00:49]} 6. Qxc3 {[%emt 0:00:08]} Ne4 {[%emt 0:00:29]} 7. Qc2 {[%emt 0:00:17]} c5 {[%emt 0:00:09]} 8. dxc5 {[%emt 0:01:20]} Nc6 {[%emt 0:00:32]} 9. Nf3 {[%emt 0:06:33]} Qa5+ {[%emt 0:03:32]} 10. Bd2 {[%emt 0:03:15]} Qxc5 {[%emt 0:00:30]} 11. e3 {[%emt 0:00:09]} Nxd2 {[%emt 0:00:05]} 12. Qxd2 {[%emt 0:01:32]} dxc4 {[%emt 0:01:53]} 13. Rc1 {[%emt 0:13:00]} b5 {[%emt 0:05:34]} 14. b3 {[%emt 0:01:47]} Qxa3 {[%emt 0:25:12]} 15. bxc4 {[%emt 0:00:11]} b4 {[%emt 0:04:07]} 16. Bd3 {[%emt 0:04:56]} O-O {[%emt 0:01:14]} 17. Be4 {[%emt 0:00:12]} Rd8 {[%emt 0:08:37]} 18. Qc2 {[%emt 0:00:34]} b3 {[%emt 0:01:40]} 19. Qc3 {[%emt 0:02:58]} Bd7 {[%emt 0:19:21]} 20. Ra1 {[%emt 0:10:40]} Qc5 {[%emt 0:08:46]} 21. Qxb3 {[%emt 0:10:17]} Rab8 {[%emt 0:00:05]} 22. Qc3 {[%emt 0:00:48]} Rb4 {[%emt 0:04:38]} 23. Rc1 {[%emt 0:04:54]} Na5 {[%emt 0:03:59]} 24. Nd2 {[%emt 0:08:42]} Ba4 {[%emt 0:02:18]} 25. Bc2 {[%emt 0:03:36]} Bxc2 {[%emt 0:02:03]} 1/2-1/2

[Event "Panchenko Memorial-A 2021"]
[Site "Chelyabinsk"]
[Date "2021.09.19"]
[Round "8.8"]
[White "Volkov, Sergey"]
[Black "Makarian, Rudik"]
[Result "1-0"]
[WhiteElo "2534"]
[BlackElo "2474"]
[Annotator "ChessBase"]
[PlyCount "83"]
[EventDate "2021.09.13"]
[EventType "swiss"]
[EventCountry "RUS"]
[SourceTitle "playchess.com"]
[Source "ChessBase"]
[SourceQuality "1"]
[TimeControl "5400+30"]

1. d4 {[%emt 0:00:02]} Nf6 {[%emt 0:03:39]} 2. c4 {[%emt 0:00:08]} e6 {[%emt 0:00:01]} 3. Nf3 {[%emt 0:00:14]} d5 {[%emt 0:00:03]} 4. Nc3 {[%emt 0:00:14]} dxc4 {[%emt 0:00:02]} 5. e4 {[%emt 0:00:20]} b5 {[%emt 0:00:04]} 6. e5 {[%emt 0:00:16]} Nfd7 {[%emt 0:00:02]} 7. Nxb5 {[%emt 0:00:16]} Nb6 {[%emt 0:00:03]} 8. Nc3 {[%emt 0:00:56]} Nc6 {[%emt 0:01:09]} 9. Be2 {[%emt 0:02:07]} Be7 {[%emt 0:05:16]} 10. Be3 {[%emt 0:00:36]} Bb7 {[%emt 0:08:57]} 11. O-O {[%emt 0:06:59]} O-O {[%emt 0:00:14]} 12. Qb1 {[%emt 0:04:14]} Rb8 {[%emt 0:10:56]} 13. Qe4 {[%emt 0:14:00]} Nb4 {[%emt 0:00:49]} 14. Qg4 {[%emt 0:00:58]} Kh8 {[%emt 0:00:03]} 15. Rac1 {[%emt 0:10:57]} Qd7 {[%emt 0:06:25]} 16. Rfd1 {[%emt 0:04:31]} N4d5 {[%emt 0:02:25]} 17. Bd2 {[%emt 0:09:27]} Nxc3 {[%emt 0:03:56]} 18. Bxc3 {[%emt 0:00:42]} Bd5 {[%emt 0:00:04]} 19. Nd2 {[%emt 0:00:47]} f5 {[%emt 0:01:42]} 20. Qh5 {[%emt 0:06:46]} Qc6 {[%emt 0:04:28]} 21. Ba5 {[%emt 0:04:04]} Qb7 {[%emt 0:10:47]} 22. Bxb6 {[%emt 0:06:06]} axb6 {[%emt 0:00:39]} 23. Bxc4 {[%emt 0:00:24]} Bxg2 {[%emt 0:00:42]} 24. Bxe6 {[%emt 0:00:22]} g6 {[%emt 0:06:15]} 25. Qe2 {[%emt 0:02:52]} Rbd8 {[%emt 0:08:13]} 26. f3 {[%emt 0:07:15]} Bh3 {[%emt 0:00:08]} 27. d5 {[%emt 0:00:27]} Bc5+ {[%emt 0:04:24]} 28. Kh1 {[%emt 0:01:11]} c6 {[%emt 0:00:43]} 29. Nb3 {[%emt 0:04:24]} cxd5 {[%emt 0:00:35]} 30. Nxc5 {[%emt 0:00:06]} bxc5 {[%emt 0:00:04]} 31. Rxc5 {[%emt 0:00:11]} d4 {[%emt 0:02:34]} 32. Bc4 {[%emt 0:01:43]} Qe7 {[%emt 0:03:29]} 33. b4 {[%emt 0:00:36]} Rc8 {[%emt 0:00:53]} 34. e6 {[%emt 0:03:24]} Rxc5 {[%emt 0:01:13]} 35. bxc5 {[%emt 0:00:03]} Qxc5 {[%emt 0:00:03]} 36. e7 {[%emt 0:01:04]} Re8 {[%emt 0:00:00]} 37. Re1 {[%emt 0:00:13]} Kg7 {[%emt 0:05:40]} 38. Bb5 {[%emt 0:00:13]} d3 {[%emt 0:00:01]} 39. Qb2+ {[%emt 0:00:43]} Kh6 {[%emt 0:00:04]} 40. Bxe8 {[%emt 0:00:41]} Qd5 {[%emt 0:00:01]} 41. Qf2 {[%emt 0:00:55]} d2 {[%emt 0:02:06]} 42. Rd1 {[%emt 0:00:20]} 1-0

[Event "Panchenko Memorial-A 2021"]
[Site "Chelyabinsk"]
[Date "2021.09.19"]
[Round "8.9"]
[White "Nesterov, Arseniy"]
[Black "Frolyanov, Dmitry"]
[Result "1/2-1/2"]
[WhiteElo "2483"]
[BlackElo "2533"]
[Annotator "ChessBase"]
[PlyCount "159"]
[EventDate "2021.09.13"]
[EventType "swiss"]
[EventCountry "RUS"]
[SourceTitle "playchess.com"]
[Source "ChessBase"]
[SourceQuality "1"]
[TimeControl "5400+30"]

1. d4 {[%emt 0:00:03]} Nf6 {[%emt 0:00:43]} 2. c4 {[%emt 0:00:16]} e6 {[%emt 0:00:20]} 3. Nf3 {[%emt 0:01:00]} d5 {[%emt 0:00:58]} 4. g3 {[%emt 0:01:41]} dxc4 {[%emt 0:00:07]} 5. Bg2 {[%emt 0:06:00]} a6 {[%emt 0:00:51]} 6. Ne5 {[%emt 0:00:14]} Bb4+ {[%emt 0:00:18]} 7. Nc3 {[%emt 0:00:07]} Nd5 {[%emt 0:00:19]} 8. O-O {[%emt 0:00:09]} Nxc3 {[%emt 0:00:43]} 9. bxc3 {[%emt 0:00:12]} Bxc3 {[%emt 0:00:19]} 10. Rb1 {[%emt 0:00:04]} Qxd4 {[%emt 0:00:38]} 11. Qa4+ {[%emt 0:00:09]} b5 {[%emt 0:01:44]} 12. Qa3 {[%emt 0:00:05]} Qxe5 {[%emt 0:00:08]} 13. Bf4 {[%emt 0:00:09]} Qf6 {[%emt 0:00:04]} 14. Bxc7 {[%emt 0:00:07]} b4 {[%emt 0:01:13]} 15. Rxb4 {[%emt 0:01:37]} Bxb4 {[%emt 0:00:46]} 16. Qxb4 {[%emt 0:00:01]} a5 {[%emt 0:01:52]} 17. Qb5+ {[%emt 0:00:12]} Bd7 {[%emt 0:00:20]} 18. Qxc4 {[%emt 0:00:04]} Ra6 {[%emt 0:00:19]} 19. Bxb8 {[%emt 0:00:10]} Rb6 {[%emt 0:01:13]} 20. Ba7 {[%emt 0:05:39]} Rb4 {[%emt 0:00:49]} 21. Qc7 {[%emt 0:00:08]} Qd8 {[%emt 0:00:56]} 22. Qc3 {[%emt 0:00:05]} O-O {[%emt 0:07:01]} 23. Bc5 {[%emt 0:00:16]} Bb5 {[%emt 0:14:07]} 24. Bxb4 {[%emt 0:17:26]} axb4 {[%emt 0:00:07]} 25. Qxb4 {[%emt 0:00:04]} Bxe2 {[%emt 0:00:05]} 26. Rc1 {[%emt 0:00:14]} Qg5 {[%emt 0:12:01]} 27. Qc3 {[%emt 0:07:21]} Ba6 {[%emt 0:01:56]} 28. a4 {[%emt 0:00:37]} h6 {[%emt 0:01:09]} 29. h4 {[%emt 0:00:19]} Qf5 {[%emt 0:00:29]} 30. Qb4 {[%emt 0:01:20]} Qe5 {[%emt 0:04:24]} 31. Qb6 {[%emt 0:03:35]} Bd3 {[%emt 0:01:16]} 32. Bb7 {[%emt 0:04:45]} f5 {[%emt 0:05:43]} 33. f4 {[%emt 0:02:48]} Qe2 {[%emt 0:05:45]} 34. Qf2 {[%emt 0:01:07]} Qh5 {[%emt 0:01:39]} 35. Qe3 {[%emt 0:25:19]} Qf7 {[%emt 0:02:18]} 36. Bg2 {[%emt 0:00:13]} Be4 {[%emt 0:01:45]} 37. Bxe4 {[%emt 0:00:12]} fxe4 {[%emt 0:00:04]} 38. Qxe4 {[%emt 0:00:57]} Kh8 {[%emt 0:05:29]} 39. Rc6 {[%emt 0:05:02]} Re8 {[%emt 0:00:44]} 40. Ra6 {[%emt 0:04:38]} Qf8 {[%emt 0:04:45]} 41. Kg2 {[%emt 0:00:22]} Qc5 {[%emt 0:02:02]} 42. Ra8 {[%emt 0:04:18]} Rxa8 {[%emt 0:00:06]} 43. Qxa8+ {[%emt 0:00:04]} Kh7 {[%emt 0:00:05]} 44. Qe4+ {[%emt 0:00:06]} Kh8 {[%emt 0:00:09]} 45. Kh3 {[%emt 0:03:13]} Qc1 {[%emt 0:05:23]} 46. Qd3 {[%emt 0:05:57]} Qa1 {[%emt 0:01:51]} 47. Qc2 {[%emt 0:01:00]} Qh1+ {[%emt 0:00:34]} 48. Kg4 {[%emt 0:00:49]} Qd5 {[%emt 0:00:08]} 49. h5 {[%emt 0:01:57]} Qa5 {[%emt 0:00:44]} 50. Qc8+ {[%emt 0:00:37]} Kh7 {[%emt 0:00:05]} 51. Qc2+ {[%emt 0:00:05]} Kh8 {[%emt 0:00:05]} 52. Qe4 {[%emt 0:00:09]} Qd2 {[%emt 0:03:06]} 53. Kh3 {[%emt 0:00:29]} Qd1 {[%emt 0:00:45]} 54. Kh4 {[%emt 0:00:19]} Qd8+ {[%emt 0:00:45]} 55. Kh3 {[%emt 0:00:27]} Qd1 {[%emt 0:00:11]} 56. Kg2 {[%emt 0:02:08]} Qd2+ {[%emt 0:00:21]} 57. Kf3 {[%emt 0:00:09]} Qd1+ {[%emt 0:00:11]} 58. Ke3 {[%emt 0:00:31]} Qg1+ {[%emt 0:00:53]} 59. Kd3 {[%emt 0:00:35]} Qxg3+ {[%emt 0:02:21]} 60. Kc4 {[%emt 0:00:08]} Qh2 {[%emt 0:01:07]} 61. Qa8+ {[%emt 0:01:27]} Kh7 {[%emt 0:00:06]} 62. Qe4+ {[%emt 0:00:02]} Kh8 {[%emt 0:00:05]} 63. Qe5 {[%emt 0:00:20]} Qc2+ {[%emt 0:02:10]} 64. Kb4 {[%emt 0:00:01]} Qb1+ {[%emt 0:00:36]} 65. Ka5 {[%emt 0:00:07]} Qb3 {[%emt 0:00:14]} 66. Qe4 Qb8 {[%emt 0:03:58]} 67. Qe5 {[%emt 0:02:11]} Qb3 {[%emt 0:03:34]} 68. Qb5 {[%emt 0:00:05]} Qe3 {[%emt 0:00:18]} 69. Ka6 {[%emt 0:01:28]} Qxf4 {[%emt 0:00:19]} 70. a5 {[%emt 0:00:18]} e5 {[%emt 0:00:39]} 71. Kb7 {[%emt 0:01:30]} Qf7+ {[%emt 0:00:52]} 72. Kb8 {[%emt 0:00:12]} Qf8+ {[%emt 0:00:38]} 73. Kc7 {[%emt 0:00:09]} Qe7+ {[%emt 0:00:18]} 74. Kb6 {[%emt 0:00:10]} Qd8+ {[%emt 0:00:31]} 75. Kb7 {[%emt 0:00:42]} Qe7+ {[%emt 0:00:11]} 76. Kb6 {[%emt 0:00:05]} Qd8+ {[%emt 0:00:12]} 77. Kc5 {[%emt 0:00:46]} e4 {[%emt 0:00:32]} 78. a6 {[%emt 0:00:45]} e3 {[%emt 0:00:40]} 79. a7 {[%emt 0:00:19]} Qc7+ {[%emt 0:01:47]} 80. Kd5 {[%emt 0:00:11]} 1/2-1/2

[Event "Panchenko Memorial-A 2021"]
[Site "Chelyabinsk"]
[Date "2021.09.19"]
[Round "8.10"]
[White "Savitskiy, Sergey"]
[Black "Fedorov, Alexei"]
[Result "0-1"]
[WhiteElo "2431"]
[BlackElo "2532"]
[Annotator "ChessBase"]
[PlyCount "74"]
[EventDate "2021.09.13"]
[EventType "swiss"]
[EventCountry "RUS"]
[SourceTitle "playchess.com"]
[Source "ChessBase"]
[SourceQuality "1"]
[TimeControl "5400+30"]

1. e4 {[%emt 0:00:03]} c5 {[%emt 0:00:04]} 2. Nf3 {[%emt 0:00:06]} Nc6 {[%emt 0:00:20]} 3. Bb5 {[%emt 0:00:08]} e6 {[%emt 0:00:06]} 4. Bxc6 {[%emt 0:00:09]} bxc6 {[%emt 0:00:05]} 5. d3 {[%emt 0:00:37]} Ne7 {[%emt 0:01:12]} 6. Qe2 {[%emt 0:00:19]} d5 {[%emt 0:02:30]} 7. h4 {[%emt 0:04:22]} h5 {[%emt 0:07:07]} 8. b3 {[%emt 0:01:26]} Ng6 {[%emt 0:02:08]} 9. e5 {[%emt 0:00:38]} a5 {[%emt 0:01:08]} 10. a4 {[%emt 0:07:26]} Ba6 {[%emt 0:02:57]} 11. Bg5 {[%emt 0:11:54]} Be7 {[%emt 0:12:53]} 12. Bxe7 {[%emt 0:09:10]} Qxe7 {[%emt 0:01:08]} 13. Nc3 {[%emt 0:07:13]} f5 {[%emt 0:03:42]} 14. g3 {[%emt 0:12:57]} O-O-O {[%emt 0:14:07]} 15. Qd2 {[%emt 0:11:56]} Qc7 {[%emt 0:10:39]} 16. O-O-O {[%emt 0:13:09]} Nxe5 {[%emt 0:06:38]} 17. Nxe5 {[%emt 0:00:05]} Qxe5 {[%emt 0:00:06]} 18. Rhe1 {[%emt 0:00:17]} Qd6 {[%emt 0:01:39]} 19. Nb1 {[%emt 0:04:03]} e5 {[%emt 0:04:57]} 20. Qxa5 {[%emt 0:00:04]} Kb7 {[%emt 0:00:29]} 21. Nd2 {[%emt 0:03:58]} Ra8 {[%emt 0:03:50]} 22. Qc3 {[%emt 0:00:09]} d4 {[%emt 0:09:05]} 23. Qb2 {[%emt 0:00:47]} Rhe8 {[%emt 0:00:20]} 24. f4 {[%emt 0:02:54]} exf4 {[%emt 0:00:53]} 25. gxf4 {[%emt 0:00:04]} Kc7 {[%emt 0:03:25]} 26. Qa3 {[%emt 0:00:54]} Re3 {[%emt 0:01:22]} 27. Nf1 {[%emt 0:04:37]} Rxe1 {[%emt 0:04:56]} 28. Rxe1 {[%emt 0:00:04]} Qxf4+ {[%emt 0:00:08]} 29. Nd2 {[%emt 0:00:20]} Qd6 {[%emt 0:01:21]} 30. Nf3 {[%emt 0:00:13]} Bc8 {[%emt 0:01:38]} 31. Re5 {[%emt 0:02:41]} Be6 {[%emt 0:01:40]} 32. Rxc5 {[%emt 0:02:28]} Bd5 {[%emt 0:02:13]} 33. Nd2 {[%emt 0:00:04]} Rb8 {[%emt 0:01:26]} 34. b4 {[%emt 0:01:10]} Qe7 {[%emt 0:00:21]} 35. b5 {[%emt 0:01:02]} Qe1+ {[%emt 0:00:16]} 36. Kb2 {[%emt 0:00:02]} Qxd2 {[%emt 0:00:09]} 37. a5 {[%emt 0:00:39]} Rxb5+ {[%emt 0:00:21]} 0-1

[Event "Panchenko Memorial-A 2021"]
[Site "Chelyabinsk"]
[Date "2021.09.20"]
[Round "9.1"]
[White "Salemgareev, Tagir"]
[Black "Volkov, Sergey"]
[Result "1/2-1/2"]
[WhiteElo "2463"]
[BlackElo "2534"]
[Annotator "ChessBase"]
[PlyCount "217"]
[EventDate "2021.09.13"]
[EventType "swiss"]
[EventCountry "RUS"]
[SourceTitle "playchess.com"]
[Source "ChessBase"]
[SourceQuality "1"]
[TimeControl "5400+30"]

1. e4 {[%emt 0:04:09]} e6 {[%emt 0:00:12]} 2. d4 {[%emt 0:00:06]} d5 {[%emt 0:00:05]} 3. e5 {[%emt 0:00:04]} c5 {[%emt 0:01:07]} 4. c3 {[%emt 0:00:08]} Nc6 {[%emt 0:00:32]} 5. Nf3 {[%emt 0:00:12]} Bd7 {[%emt 0:00:11]} 6. Be2 {[%emt 0:00:17]} cxd4 {[%emt 0:00:41]} 7. cxd4 {[%emt 0:00:06]} Nge7 {[%emt 0:00:04]} 8. Na3 {[%emt 0:00:39]} Nf5 {[%emt 0:01:03]} 9. Nc2 {[%emt 0:00:11]} Nb4 {[%emt 0:01:49]} 10. Nxb4 {[%emt 0:21:49]} Bxb4+ {[%emt 0:00:19]} 11. Bd2 {[%emt 0:00:07]} Qb6 {[%emt 0:06:43]} 12. Bxb4 {[%emt 0:18:25]} Qxb4+ {[%emt 0:00:09]} 13. Qd2 {[%emt 0:00:03]} Qxd2+ {[%emt 0:12:04]} 14. Kxd2 {[%emt 0:00:06]} O-O {[%emt 0:00:11]} 15. Rhc1 {[%emt 0:01:21]} Rfc8 {[%emt 0:00:06]} 16. Bd3 {[%emt 0:00:42]} Ne7 {[%emt 0:00:10]} 17. h4 {[%emt 0:04:07]} h6 {[%emt 0:05:38]} 18. g4 {[%emt 0:03:04]} a6 {[%emt 0:01:14]} 19. Rxc8+ {[%emt 0:02:59]} Rxc8 {[%emt 0:00:09]} 20. Rg1 {[%emt 0:00:12]} Bb5 {[%emt 0:02:54]} 21. Bb1 {[%emt 0:00:28]} a5 {[%emt 0:01:32]} 22. g5 {[%emt 0:10:23]} h5 {[%emt 0:02:14]} 23. g6 {[%emt 0:23:40]} f6 {[%emt 0:01:07]} 24. exf6 {[%emt 0:00:42]} gxf6 {[%emt 0:00:06]} 25. g7 {[%emt 0:00:09]} Be8 {[%emt 0:04:56]} 26. Rg3 {[%emt 0:01:44]} Bf7 {[%emt 0:02:54]} 27. Ng1 {[%emt 0:02:42]} b5 {[%emt 0:03:34]} 28. Ne2 {[%emt 0:00:49]} b4 {[%emt 0:00:55]} 29. Rg1 {[%emt 0:00:47]} a4 {[%emt 0:06:31]} 30. Bd3 {[%emt 0:00:48]} Rc7 {[%emt 0:02:04]} 31. Rg3 {[%emt 0:00:38]} Rb7 {[%emt 0:02:10]} 32. Bc2 {[%emt 0:00:42]} Rb6 {[%emt 0:02:37]} 33. Rg1 {[%emt 0:00:34]} a3 {[%emt 0:04:39]} 34. b3 {[%emt 0:00:05]} Rc6 {[%emt 0:01:21]} 35. Bb1 {[%emt 0:00:35]} e5 {[%emt 0:04:30]} 36. f3 {[%emt 0:00:13]} Re6 {[%emt 0:02:46]} 37. Rg2 {[%emt 0:02:15]} e4 {[%emt 0:05:31]} 38. fxe4 {[%emt 0:00:14]} dxe4 {[%emt 0:00:30]} 39. Nf4 {[%emt 0:00:06]} Rd6 {[%emt 0:01:13]} 40. Bxe4 {[%emt 0:00:07]} Rxd4+ {[%emt 0:00:19]} 41. Ke3 {[%emt 0:00:05]} Rd1 {[%emt 0:00:25]} 42. Bf3 {[%emt 0:03:50]} Re1+ {[%emt 0:03:32]} 43. Kd3 {[%emt 0:00:44]} Re5 {[%emt 0:00:57]} 44. Kd2 {[%emt 0:00:38]} Rf5 {[%emt 0:02:08]} 45. Ke3 {[%emt 0:00:02]} Ra5 {[%emt 0:00:22]} 46. Rg1 {[%emt 0:01:04]} Nf5+ {[%emt 0:00:55]} 47. Kd3 {[%emt 0:00:19]} Nxh4 {[%emt 0:00:46]} 48. Be4 {[%emt 0:00:21]} Rg5 {[%emt 0:05:02]} 49. Rc1 {[%emt 0:00:08]} Nf5 {[%emt 0:01:45]} 50. Rc8+ {[%emt 0:00:52]} Kxg7 {[%emt 0:00:03]} 51. Rc7 {[%emt 0:00:05]} Kf8 {[%emt 0:05:30]} 52. Rc8+ {[%emt 0:00:05]} Ke7 {[%emt 0:00:13]} 53. Rc7+ {[%emt 0:00:04]} Ke8 {[%emt 0:00:09]} 54. Bc6+ {[%emt 0:00:09]} Kf8 {[%emt 0:00:04]} 55. Rc8+ {[%emt 0:00:03]} Kg7 {[%emt 0:00:27]} 56. Rc7 {[%emt 0:00:04]} Rg3+ {[%emt 0:02:33]} 57. Kd2 {[%emt 0:00:05]} Rc3 {[%emt 0:00:21]} 58. Nxh5+ {[%emt 0:00:58]} Kh6 {[%emt 0:01:23]} 59. Rxf7 {[%emt 0:00:30]} Kxh5 {[%emt 0:00:07]} 60. Bb5 {[%emt 0:03:23]} Nd6 {[%emt 0:02:47]} 61. Be2+ {[%emt 0:00:12]} Kg6 {[%emt 0:00:47]} 62. Re7 {[%emt 0:00:15]} Rh3 {[%emt 0:00:41]} 63. Re6 {[%emt 0:00:36]} Nf5 {[%emt 0:00:52]} 64. Re4 {[%emt 0:00:23]} Ng3 {[%emt 0:00:20]} 65. Rxb4 {[%emt 0:00:57]} f5 {[%emt 0:00:07]} 66. Bd3 {[%emt 0:00:39]} Rh2+ {[%emt 0:00:48]} 67. Ke3 {[%emt 0:00:21]} Rxa2 {[%emt 0:00:12]} 68. Rg4+ {[%emt 0:00:11]} Kf6 {[%emt 0:00:22]} 69. Rxg3 {[%emt 0:00:03]} Rb2 {[%emt 0:01:49]} 70. Rf3 {[%emt 0:00:10]} Rxb3 {[%emt 0:00:07]} 71. Rxf5+ {[%emt 0:00:03]} Ke7 {[%emt 0:00:17]} 72. Ra5 {[%emt 0:00:04]} a2 {[%emt 0:00:09]} 73. Rxa2 {[%emt 0:00:04]} Rb4 {[%emt 0:00:31]} 74. Ra6 {[%emt 0:00:13]} Rg4 {[%emt 0:00:15]} 75. Be4 {[%emt 0:00:04]} Rg1 {[%emt 0:00:08]} 76. Kd4 {[%emt 0:00:06]} Rd1+ {[%emt 0:00:06]} 77. Ke5 {[%emt 0:00:03]} Re1 {[%emt 0:00:16]} 78. Ra7+ {[%emt 0:00:08]} Ke8 {[%emt 0:00:06]} 79. Kd5 {[%emt 0:00:03]} Kf8 {[%emt 0:00:04]} 80. Bf5 {[%emt 0:00:09]} Re7 {[%emt 0:00:05]} 81. Ra1 {[%emt 0:00:18]} Re2 {[%emt 0:01:25]} 82. Bg4 {[%emt 0:00:52]} Re3 {[%emt 0:00:24]} 83. Be6 {[%emt 0:00:52]} Ke7 {[%emt 0:00:14]} 84. Ra7+ {[%emt 0:00:12]} Kf6 {[%emt 0:00:05]} 85. Rf7+ {[%emt 0:00:04]} Kg5 {[%emt 0:00:19]} 86. Bf5 {[%emt 0:00:40]} Ra3 {[%emt 0:00:22]} 87. Be4 {[%emt 0:00:08]} Ra5+ {[%emt 0:00:11]} 88. Kd4 {[%emt 0:00:05]} Ra4+ {[%emt 0:00:13]} 89. Ke5 {[%emt 0:00:04]} Ra5+ {[%emt 0:00:04]} 90. Bd5 {[%emt 0:00:04]} Rb5 {[%emt 0:00:39]} 91. Rg7+ {[%emt 0:00:10]} Kh5 {[%emt 0:00:16]} 92. Rg8 {[%emt 0:00:21]} Ra5 {[%emt 0:00:07]} 93. Ke4 {[%emt 0:00:07]} Kh6 {[%emt 0:00:06]} 94. Be6 {[%emt 0:00:03]} Rg5 {[%emt 0:00:07]} 95. Ra8 {[%emt 0:00:05]} Rb5 {[%emt 0:01:12]} 96. Bd7 {[%emt 0:00:34]} Rc5 {[%emt 0:00:11]} 97. Be6 {[%emt 0:00:19]} Rb5 {[%emt 0:00:28]} 98. Bf5 {[%emt 0:00:05]} Kg5 {[%emt 0:00:11]} 99. Rg8+ {[%emt 0:00:07]} Kf6 {[%emt 0:00:05]} 100. Rg6+ {[%emt 0:00:03]} Ke7 {[%emt 0:00:21]} 101. Re6+ {[%emt 0:00:03]} Kf7 {[%emt 0:00:08]} 102. Kf4 {[%emt 0:00:11]} Rb2 {[%emt 0:00:24]} 103. Ra6 {[%emt 0:00:39]} Rf2+ {[%emt 0:00:55]} 104. Kg5 {[%emt 0:00:05]} Ke7 {[%emt 0:01:24]} 105. Re6+ {[%emt 0:00:06]} Kd8 {[%emt 0:00:05]} 106. Kf6 {[%emt 0:00:03]} Kc7 {[%emt 0:00:15]} 107. Ke5 {[%emt 0:00:12]} Re2+ {[%emt 0:00:11]} 108. Be4 {[%emt 0:00:04]} Kd7 {[%emt 0:00:14]} 109. Rh6 {[%emt 0:00:12]} 1/2-1/2

[Event "Panchenko Memorial-A 2021"]
[Site "Chelyabinsk"]
[Date "2021.09.20"]
[Round "9.2"]
[White "Pridorozhni, Aleksei"]
[Black "Samusenko, Maksim"]
[Result "1-0"]
[WhiteElo "2550"]
[BlackElo "2460"]
[Annotator "ChessBase"]
[PlyCount "99"]
[EventDate "2021.09.13"]
[EventType "swiss"]
[EventCountry "RUS"]
[SourceTitle "playchess.com"]
[Source "ChessBase"]
[SourceQuality "1"]
[TimeControl "5400+30"]

1. e4 {[%emt 0:00:03]} c5 {[%emt 0:00:20]} 2. Nf3 {[%emt 0:00:09]} Nc6 {[%emt 0:00:11]} 3. d4 {[%emt 0:00:07]} cxd4 {[%emt 0:00:13]} 4. Nxd4 {[%emt 0:00:06]} Nf6 {[%emt 0:00:19]} 5. Nc3 {[%emt 0:00:08]} e5 {[%emt 0:00:26]} 6. Ndb5 {[%emt 0:00:08]} d6 {[%emt 0:00:21]} 7. Bg5 {[%emt 0:00:50]} a6 {[%emt 0:00:32]} 8. Na3 {[%emt 0:00:08]} b5 {[%emt 0:00:09]} 9. Bxf6 {[%emt 0:00:37]} gxf6 {[%emt 0:00:14]} 10. Nd5 {[%emt 0:00:07]} Bg7 {[%emt 0:00:12]} 11. c3 {[%emt 0:00:58]} f5 {[%emt 0:01:23]} 12. Nxb5 {[%emt 0:06:35]} axb5 {[%emt 0:02:41]} 13. Bxb5 {[%emt 0:00:10]} Bb7 {[%emt 0:02:47]} 14. exf5 {[%emt 0:17:20]} O-O {[%emt 0:11:03]} 15. Qg4 {[%emt 0:03:49]} Kh8 {[%emt 0:05:25]} 16. Bd3 {[%emt 0:17:26]} f6 {[%emt 0:04:28]} 17. O-O {[%emt 0:08:24]} Ne7 {[%emt 0:01:37]} 18. Nxe7 {[%emt 0:00:08]} Qxe7 {[%emt 0:00:04]} 19. Rfd1 {[%emt 0:00:08]} d5 {[%emt 0:02:52]} 20. a4 {[%emt 0:00:13]} Qc7 {[%emt 0:05:29]} 21. Bf1 {[%emt 0:03:16]} Bc6 {[%emt 0:09:51]} 22. Rd3 {[%emt 0:09:08]} Rfb8 {[%emt 0:01:32]} 23. Ra2 {[%emt 0:01:17]} Qf7 {[%emt 0:12:28]} 24. a5 {[%emt 0:02:01]} d4 {[%emt 0:03:31]} 25. Ra1 {[%emt 0:00:07]} Bb5 {[%emt 0:00:53]} 26. Rdd1 {[%emt 0:01:07]} Bxf1 {[%emt 0:00:45]} 27. Kxf1 {[%emt 0:02:57]} dxc3 {[%emt 0:06:16]} 28. bxc3 {[%emt 0:00:11]} Bf8 {[%emt 0:00:09]} 29. Qe4 {[%emt 0:12:35]} Ra6 {[%emt 0:02:10]} 30. Rd5 {[%emt 0:00:45]} Qa7 {[%emt 0:02:48]} 31. Ra2 {[%emt 0:01:47]} Qb7 {[%emt 0:04:04]} 32. g3 {[%emt 0:02:57]} Qc6 {[%emt 0:10:10]} 33. Qd3 {[%emt 0:05:07]} Rc8 {[%emt 0:01:20]} 34. Rb2 {[%emt 0:00:49]} Kg8 {[%emt 0:03:30]} 35. Rb3 {[%emt 0:00:19]} Be7 {[%emt 0:00:56]} 36. Ke2 {[%emt 0:01:04]} Ra7 {[%emt 0:01:39]} 37. h4 {[%emt 0:01:39]} Qa4 {[%emt 0:01:26]} 38. Rdb5 {[%emt 0:01:18]} Rac7 {[%emt 0:01:35]} 39. Kf1 {[%emt 0:00:40]} Kf8 {[%emt 0:00:35]} 40. Kg2 {[%emt 0:00:19]} Ra7 {[%emt 0:00:58]} 41. Qe3 {[%emt 0:02:30]} Rxa5 {[%emt 0:00:24]} 42. Rb7 {[%emt 0:00:05]} Qc6+ {[%emt 0:00:34]} 43. f3 {[%emt 0:00:11]} Ra2+ 44. Kh3 {[%emt 0:00:05]} Qd5 {[%emt 0:03:07]} 45. Qh6+ {[%emt 0:00:55]} Ke8 {[%emt 0:00:07]} 46. Rxe7+ {[%emt 0:00:49]} Kxe7 {[%emt 0:00:07]} 47. Rb7+ {[%emt 0:00:04]} Ke8 {[%emt 0:01:37]} 48. Qxh7 {[%emt 0:00:13]} Qxb7 {[%emt 0:00:36]} 49. Qxb7 {[%emt 0:00:05]} Rxc3 {[%emt 0:00:21]} 50. Qb5+ {[%emt 0:00:14]} 1-0